Remedies for removing squatters (Record no. 84406)

MARC details
000 -LEADER
fixed length control field 00949cab a22002175a 4500
001 - CONTROL NUMBER
control field L157523
008 - FIXED-LENGTH DATA ELEMENTS--GENERAL INFORMATION
fixed length control field 130109e20131301xxk 000 0 eng d
035 ## - SYSTEM CONTROL NUMBER
System control number (Sirsi) u157523
041 0# - LANGUAGE CODE
Language code of text/sound track or separate title eng
100 1# - MAIN ENTRY--PERSONAL NAME
Personal name Kalfon, Olivier
245 00 - TITLE STATEMENT
Title Remedies for removing squatters
260 ## - PUBLICATION, DISTRIBUTION, ETC.
Date of publication, distribution, etc. 2013
490 ## - SERIES STATEMENT
Series statement Estates Gazette
Volume/sequential designation (1301) 5 January 2013, 43(1)
520 ## - SUMMARY, ETC.
Summary, etc. Explains the new criminal offence against squatting provided by Section 144 of the Legal Aid, Sentencing and Punishment of Offenders Act 2012. Also mentions the civil remedies for squatting but states it is too soon to be clear to what extent the introduction of the new criminal offence will obviate the need for landlords and others to bring civil proceedings.
590 ## - LOCAL NOTE (RLIN)
Local note KA
650 24 - SUBJECT ADDED ENTRY--TOPICAL TERM
Topical term or geographic name entry element LEGAL AID, SENTENCING AND PUNISHMENT OF OFFENDERS ACT 2012
651 #4 - SUBJECT ADDED ENTRY--GEOGRAPHIC NAME
Geographic name England and Wales
Chronological subdivision 1543-
690 ## - LOCAL SUBJECT ADDED ENTRY--TOPICAL TERM (OCLC, RLIN)
Topical term or geographic name as entry element Property management
9 (RLIN) 6262
700 1# - ADDED ENTRY--PERSONAL NAME
Personal name Humphreys, Emma
942 ## - ADDED ENTRY ELEMENTS (KOHA)
Suppress in OPAC 0
Holdings
Withdrawn status Lost status Source of classification or shelving scheme Damaged status Not for loan Home library Current library Shelving location Date acquired Total Checkouts Full call number Barcode Date last seen Copy number Price effective from Koha item type
    Dewey Decimal Classification     London London Journal article 09/01/2013   L157523 157523-1001 06/08/2019 1 06/08/2019 Journal article